Vol. 31, № 10; Analytical Chemistry

Detalhes bibliográficos
Parent link:Analytical Chemistry/ American Chemical Society. Vol. 31, № 10.— , 1947-1973, 1976-1990, 1993-2002
Resumo:В данном журнале не печатается 133 с.
Idioma:inglês
Publicado em: 1959
Formato: Livro
KOHA link:https://koha.lib.tpu.ru/cgi-bin/koha/opac-detail.pl?biblionumber=559964

MARC

LEADER 00000nam2a2200000 4500
001 559964
005 20251107153546.0
035 |a (RuTPU)RU\TPU\prd\254938 
035 |a RU\TPU\prd\254936 
090 |a 559964 
100 |a 20160405d1959 k||y0rusy50 ba 
101 0 |a eng 
102 |a US 
105 |a a z 000yy 
200 0 |a Vol. 31, № 10 
210 |d 1959 
215 |a 262 p. (p. 1A-122A, p. 1609-1748) 
300 |a В данном журнале не печатается 133 с. 
320 |a Bibliography at the end of articles. 
461 1 |0 379637  |t Analytical Chemistry  |f American Chemical Society  |v Vol. 31, № 10  |d 1947-1973, 1976-1990, 1993-2002  |9 379637 
517 1 |a Аналитическая химия (аналитикл кемистри) 
801 0 |a RU  |b 63413507  |c 20010227  |g PSBO 
801 1 |a RU  |b 63413507  |c 20020228  |g PSBO 
801 2 |a RU  |b 63413507  |c 20190517  |g PSBO 
942 |c CR